[Event "NED-chT 2223"]
[Site "Netherlands"]
[Date "2023.03.11"]
[Round "7.1"]
[White "Zaragatski, Ilja"]
[Black "De Winter, Arthur"]
[Result "0-1"]
[WhiteElo "2509"]
[BlackElo "2379"]
[PlyCount "80"]
[EventDate "2022.09.17"]
[EventType "team-tourn"]
[EventRounds "9"]
[EventCountry "NED"]
[SourceTitle "CBM 213 Extra"]
[Source "ChessBase"]
[SourceDate "2023.05.31"]
[SourceVersion "1"]
[SourceVersionDate "2023.05.31"]
[SourceQuality "1"]
[WhiteTeam "Groningen Combinatie"]
[BlackTeam "Amstelveen Zukertort"]
[WhiteTeamCountry "NED"]
[BlackTeamCountry "NED"]

1. Nf3 Nf6 2. g3 g6 3. b3 Bg7 4. Bb2 0-0 5. Bg2 d6 6. d4 b5 7. 0-0 Bb7 8. Qd3 a6 9. c4 Nbd7 10. Nbd2 bxc4 11. bxc4 Rb8 12. Bc3 d5 13. cxd5 Nxd5 14. Ba5 Bc6 15. Qa3 Bb5 16. Rfe1 Re8 17. e4 N5b6 18. Rac1 c6 19. e5 Nf8 20. Nb3 Ne6 21. Nc5 Nxd4 22. Nxd4 Qxd4 23. Bxb6 Rxb6 24. Qa5 Rbb8 25. a4 Bh6 26. Red1 Qb2 27. Rb1 Qc2 28. Nd7 Be2 29. Nxb8 Bxd1 30. Qb6 c5 31. Nxa6 c4 32. Nc7 Rf8 33. a5 c3 34. f4 Qd2 35. Ra1 c2 36. Qc5 Rc8 37. a6 Rxc7 38. Qxc7 Qe3+ 39. Kf1 Be2+ 40. Ke1 Bd3# 0-1

[Event "Walsrode Chessemy op-A"]
[Site "Walsrode"]
[Date "2023.03.04"]
[Round "1"]
[White "Zaragatski, Ilja"]
[Black "Martin, Dennis"]
[Result "1-0"]
[WhiteElo "2493"]
[BlackElo "2005"]
[PlyCount "81"]
[EventDate "2023.03.04"]
[EventType "swiss"]
[EventRounds "9"]
[EventCountry "GER"]
[SourceTitle "CBM 213 Extra"]
[Source "ChessBase"]
[SourceDate "2023.05.31"]
[SourceVersion "1"]
[SourceVersionDate "2023.05.31"]
[SourceQuality "1"]

1. Nf3 d5 2. g3 g6 3. c4 d4 4. b4 Bg7 5. d3 a5 6. b5 c5 7. Bg2 Ra7 8. 0-0 e5 9. a4 b6 10. Ra2 Ne7 11. e3 0-0 12. exd4 exd4 13. Re2 Nd7 14. Rfe1 Re8 15. Bf4 Nf8 16. Ne5 Ne6 17. Nc6 Nxc6 18. bxc6 Rae7 19. Bc1 Bf6 20. Na3 Nc7 21. Be4 Kg7 22. Bf4 Ne6 23. Bd2 Bg5 24. Nb5 h6 25. Bd5 Nc7 26. Nxc7 Qxc7 27. Rxe7 Rxe7 28. Rxe7 Qxe7 29. h4 Bxd2 30. Qxd2 g5 31. hxg5 hxg5 32. Qd1 Bf5 33. Qf3 Bc8 34. Be4 f6 35. Bf5 Qc7 36. Bxc8 Qxc8 37. Qd5 Kf8 38. Qd6+ Kf7 39. c7 Qg4 40. Qd5+ Kg7 41. Qb7 1-0

[Event "Titled Tuesday intern op 14th Feb Early"]
[Site "Chess.com INT"]
[Date "2023.02.14"]
[Round "10"]
[White "Maksimovic, Bojan"]
[Black "Zaragatski, Ilja"]
[Result "1-0"]
[WhiteElo "2486"]
[BlackElo "2501"]
[PlyCount "103"]
[EventDate "2023.02.14"]
[EventType "swiss (blitz)"]
[EventRounds "11"]
[EventCountry "USA"]
[SourceTitle "CBM 212 Extra"]
[Source "ChessBase"]
[SourceDate "2023.03.31"]
[SourceVersion "1"]
[SourceVersionDate "2023.03.31"]
[SourceQuality "1"]

1. e4 d6 2. d4 Nf6 3. Nc3 e5 4. Nf3 Nbd7 5. Bc4 Be7 6. 0-0 Nb6 7. Be2 exd4 8. Nxd4 0-0 9. Re1 Re8 10. h3 c6 11. Bf1 Bf8 12. a4 a5 13. Bg5 h6 14. Bh4 Nbd7 15. Nf5 Ne5 16. Bg3 Bxf5 17. exf5 Qc7 18. Bxe5 Rxe5 19. Rxe5 dxe5 20. Bc4 Qb6 21. b3 Bc5 22. Qe1 Bb4 23. Rd1 Rd8 24. Rxd8+ Qxd8 25. Qxe5 Qd2 26. Ne4 Qe1+ 27. Kh2 Qxe4 28. Qb8+ Bf8 29. Qxb7 Qf4+ 30. Kg1 Qc1+ 31. Kh2 Qf4+ 32. Kg1 Nd5 33. Qxc6 Ne7 34. Qb5 Qxf5 35. Bd3 Qxb5 36. axb5 Nd5 37. Kf1 Bc5 38. Be4 Nb6 39. Ke2 g6 40. f4 f5 41. Bc6 Kf7 42. g4 Kf6 43. Kf3 fxg4+ 44. hxg4 Bd6 45. Ke4 h5 46. g5+ Kf7 47. f5 h4 48. f6 h3 49. Kd4 h2 50. c4 Nd7 51. Bd5+ Kf8 52. Bh1 1-0

[Event "NED-chT 2223"]
[Site "Netherlands"]
[Date "2022.12.17"]
[Round "5.2"]
[White "Roebers, Eline"]
[Black "Zaragatski, Ilja"]
[Result "1/2-1/2"]
[WhiteElo "2363"]
[BlackElo "2509"]
[PlyCount "124"]
[EventDate "2022.09.17"]
[EventType "team-tourn"]
[EventRounds "9"]
[EventCountry "NED"]
[SourceTitle "CBM 213 Extra"]
[Source "ChessBase"]
[SourceDate "2023.05.31"]
[SourceVersion "1"]
[SourceVersionDate "2023.05.31"]
[SourceQuality "1"]
[WhiteTeam "Kennemer Combinatie"]
[BlackTeam "Groningen Combinatie"]
[WhiteTeamCountry "NED"]
[BlackTeamCountry "NED"]

1. e4 Nc6 2. Nf3 e6 3. d4 d5 4. Nc3 Nf6 5. e5 Ne4 6. Ne2 Na5 7. Ng3 c5 8. Bd3 Nxg3 9. fxg3 cxd4 10. 0-0 Be7 11. h4 Nc4 12. Qe2 Qc7 13. Ng5 Bxg5 14. Bxg5 Ne3 15. Bxe3 dxe3 16. Qh5 g6 17. Qg5 Qe7 18. Qxe3 Bd7 19. Rf6 b6 20. Raf1 0-0 21. Qh6 Bb5 22. Bxb5 Qc5+ 23. Kh2 Qxb5 24. h5 Qe2 25. hxg6 hxg6 26. R1f4 Qh5+ 27. Qxh5 gxh5 28. Rh6 Kg7 29. Rxh5 Kg6 30. Rhh4 Rh8 31. Kh3 Rac8 32. c3 a5 33. Kg4 b5 34. a3 Rhg8 35. Kf3 Kg7 36. g4 Rc4 37. g3 Rgc8 38. g5 Rxf4+ 39. Rxf4 Rh8 40. Rh4 Rc8 41. Rf4 Rh8 42. Rf6 Rh2 43. g6 fxg6 44. Rxe6 Rxb2 45. Rb6 Kf7 46. Ke3 Rg2 47. Rf6+ Kg7 48. Rf3 b4 49. cxb4 axb4 50. e6 b3 51. Rf7+ Kg8 52. Rb7 Kf8 53. Kd4 b2 54. Ke5 d4 55. Kxd4 Rxg3 56. Rxb2 Rxa3 57. Ke5 Re3+ 58. Kf6 Rf3+ 59. Kxg6 Ke7 60. Re2 Rf6+ 61. Kg5 Rxe6 62. Rxe6+ Kxe6 1/2-1/2

[Event "Titled Tuesday intern op 06th Dec Early"]
[Site "Chess.com INT"]
[Date "2022.12.06"]
[Round "11"]
[White "Aloma Vidal, Roberto"]
[Black "Zaragatski, Ilja"]
[Result "1/2-1/2"]
[WhiteElo "2448"]
[BlackElo "2518"]
[PlyCount "144"]
[EventDate "2022.12.06"]
[EventType "swiss (blitz)"]
[EventRounds "11"]
[EventCountry "USA"]
[SourceTitle "CBM 211 Extra"]
[Source "ChessBase"]
[SourceDate "2023.01.31"]
[SourceVersion "1"]
[SourceVersionDate "2023.01.31"]
[SourceQuality "1"]

1. e4 e6 2. d4 d5 3. e5 c5 4. c3 Nc6 5. Nf3 Nge7 6. dxc5 Ng6 7. Be3 Ngxe5 8. Nxe5 Nxe5 9. Bb5+ Bd7 10. Bxd7+ Qxd7 11. 0-0 Be7 12. Bd4 Bf6 13. f4 Nc4 14. b3 Na5 15. Bxf6 gxf6 16. Qd4 Qe7 17. Nd2 Nc6 18. Qf2 0-0 19. b4 Kh8 20. Nf3 Rg8 21. Rfe1 Qc7 22. Qh4 Qd8 23. Rad1 f5 24. Ng5 Rg7 25. Rd3 Qf6 26. Rh3 d4 27. b5 Ne7 28. Kh1 dxc3 29. Qh5 Qg6 30. Qf3 Nd5 31. Qf2 Rag8 32. Rg3 Qf6 33. a4 Nxf4 34. Nxf7+ Qxf7 35. Qxf4 Rxg3 36. hxg3 c2 37. Qd4+ Qg7 38. Qxg7+ Rxg7 39. Rc1 Rxg3 40. Rxc2 Rg7 41. c6 bxc6 42. Rxc6 Re7 43. a5 Kg7 44. b6 axb6 45. axb6 Kg6 46. Rc7 Re8 47. Kh2 Rb8 48. b7 e5 49. Kg3 h6 50. Kh4 e4 51. Kg3 Kg5 52. Rg7+ Kf6 53. Rc7 Ke5 54. Kf2 f4 55. Ke2 Kd6 56. Rf7 Ke5 57. Re7+ Kd5 58. Rf7 Kc6 59. Rxf4 Rxb7 60. Rxe4 Kd5 61. Rh4 Rb6 62. Kf3 Re6 63. Rf4 Ke5 64. g4 Rf6 65. Rxf6 Kxf6 66. Kf4 Kg6 67. Kf3 Kg5 68. Kg3 Kf6 69. Kh4 Kg6 70. Kh3 Kg5 71. Kg3 h5 72. gxh5 Kxh5 1/2-1/2

[Event "Titled Tuesday intern op 06th Dec Early"]
[Site "Chess.com INT"]
[Date "2022.12.06"]
[Round "2"]
[White "Ciuffoletti, Paolo"]
[Black "Zaragatski, Ilja"]
[Result "1-0"]
[WhiteElo "2106"]
[BlackElo "2518"]
[PlyCount "43"]
[EventDate "2022.12.06"]
[EventType "swiss (blitz)"]
[EventRounds "11"]
[EventCountry "USA"]
[SourceTitle "CBM 211 Extra"]
[Source "ChessBase"]
[SourceDate "2023.01.31"]
[SourceVersion "1"]
[SourceVersionDate "2023.01.31"]
[SourceQuality "1"]

1. e4 d5 2. exd5 Qxd5 3. Nc3 Qd8 4. d4 Nf6 5. Nf3 Bf5 6. Bc4 e6 7. Nh4 Bg4 8. f3 Bh5 9. g4 Bg6 10. Ng2 c6 11. h4 h5 12. g5 Nd5 13. Nf4 Nxf4 14. Bxf4 Bd6 15. Qd2 Bxf4 16. Qxf4 Nd7 17. 0-0-0 Nb6 18. Bd3 Bxd3 19. Rxd3 g6 20. Ne4 Nd5 21. Qe5 b5 22. Qxh8+ 1-0

[Event "Titled Tuesday intern op 06th Dec Early"]
[Site "Chess.com INT"]
[Date "2022.12.06"]
[Round "7"]
[White "Skliarov, Viktor"]
[Black "Zaragatski, Ilja"]
[Result "0-1"]
[WhiteElo "2384"]
[BlackElo "2518"]
[PlyCount "68"]
[EventDate "2022.12.06"]
[EventType "swiss (blitz)"]
[EventRounds "11"]
[EventCountry "USA"]
[SourceTitle "CBM 211 Extra"]
[Source "ChessBase"]
[SourceDate "2023.01.31"]
[SourceVersion "1"]
[SourceVersionDate "2023.01.31"]
[SourceQuality "1"]

1. e4 e6 2. d4 d5 3. e5 c5 4. c3 Nc6 5. Nf3 Nge7 6. a3 a5 7. Bd3 cxd4 8. cxd4 Nf5 9. Bxf5 exf5 10. Nc3 Be6 11. 0-0 Be7 12. Ne1 0-0 13. Be3 Qb6 14. Na4 Qb5 15. Nd3 b6 16. Rc1 Rfc8 17. Nc3 Qa6 18. Qd2 a4 19. Bg5 Bf8 20. Nf4 h6 21. Nfxd5 Nxd4 22. Bxh6 Bxd5 23. Qxd4 Bc4 24. Bg5 Bxf1 25. Rxf1 Qc4 26. Qd7 Rc7 27. Qxf5 Bxa3 28. bxa3 Qxc3 29. e6 fxe6 30. Qxe6+ Rf7 31. Qe4 Qa5 32. Bd2 Qa6 33. Bb4 b5 34. g3 Rc8 0-1